00306 a2200097 4500001001000000005001700010008004100027245005000068100001700118773007300135ART_1761520260410161924.0260409a 10aThe Arrow-Lind theorem in a continuum economy1 aGardner, Roy0 tThe American Economic Reviewg- Vol. 69, NÂș 3 (jun. 1979)wREV16190